000 01024nam a22002897a 4500
082 _a297.7
_bMOH
_cD
100 _aMohammad kefayatullah
_937493
245 _aTaleem -u- Islam or Islamic teachings
_cMohammad kefayatullah
260 _aKarachi:
_bSidique Trust.
300 _a4 vol.various pagings.
526 _a0
_b0
_c0
_d297_700000000000000_MOH
526 _a0
_b0
_c0
_d297_700000000000000_MOH
526 _a0
_b0
_c0
_d297_700000000000000_MOH
526 _a0
_b0
_c0
_d297_700000000000000_MOH
526 _a0
_b0
_c0
_d297_700000000000000_MOH
526 _a0
_b0
_c0
_d297_700000000000000_MOH
526 _a0
_b0
_c0
_d297_700000000000000_MOH
526 _a0
_b0
_c0
_d297_700000000000000_MOH
526 _a0
_b0
_c0
_d297_700000000000000_MOH
526 _a0
_b0
_c0
_d297_700000000000000_MOH
526 _a0
_b0
_c0
_d297_700000000000000_MOH
526 _a0
_b0
_c0
_d297_700000000000000_MOH
526 _a0
_b0
_c0
_d297_700000000000000_MOH
526 _a0
_b0
_c0
_d297_700000000000000_MOH
650 _aMCE
_9379
942 _2ddc
_cBK
999 _c542359
_d542359